Statistiques concernant Le premier pays à avoir...

Cliquez ici pour prendre le quiz!

Statistiques générales

  • Ce quiz a été pris 16 910 fois
  • Le résultat moyen est 10 sur 20

Statistiques - réponses

Le premier pays à avoir...AnnéePays% Correct
Envoyé un être humain sur la Lune *1969États-Unis
100%
Dépassé le milliard d'habitants1982Chine
86%
Navigué tout autour de la Terre1522Espagne
83%
Construit une montgolfière1783France
79%
Construit une locomotive à vapeur1825Royaume-Uni
76%
Mis un satellite en orbite1957Union Soviétique
75%
Contrôlé l'entièreté des côtes méditerranéennes *44Empire Romain
64%
Navigué de l'Europe jusqu'à l'Inde1498Portugal
63%
Gagné la Coupe du Monde de football masculin1930Uruguay
63%
Accueilli les Jeux Olympiques modernes1896Grèce
62%
Construit un système de trains à haute vitesse1964Japon
53%
Contrôlé un territoire plus grand que la Russie actuelle
1250 env.Mongolie
47%
Construit un bâtiment de plus de 100 mètres de haut- 2600 env.Égypte
40%
Légalisé le mariage homosexuel2000Pays-Bas
36%
Envoyé une fusée dans l'espace1944Allemagne
35%
Gagné son indépendance de l'Empire colonial français
1804Haïti
27%
Accordé le droit de vote à toutes les femmes adultes1893Nouvelle-Zélande
19%
Accueilli plus d'un tiers de la population mondiale *- 500 env.Empire Perse
13%
Réussi une greffe du cœur sur un être humain1967Afrique du Sud
10%
Adopté le Christianisme comme religion d'état301Arménie
8%

Distribution des résultats

Percentile par nombre de réponses

% des personnes avec chaque résultat

Votre développement - résultats

Vous n’avez pas pris ce quiz